Quiz sui 10 Paesi più estesi - Statistics

Statistiche generali
  • Questo quiz è stato fatto 136 volte
  • Il punteggio medio è 62 su 100
Statistiche sulle risposte
Domanda Casella Select % Corretto
In quali tra i 10 Paesi più estesi è ancora possibile applicare la pena di morte? Australia No
90%
Quali tra i 10 Paesi più estesi confinano con più di 6 altri Paesi? Australia No
89%
Quali tra i 10 Paesi più estesi si trovano anche nella classifica dei 10 Paesi più popolosi? Algeria No
88%
Quali tra i 10 Paesi più estesi hanno per capitale una città che non è la più popolosa? Argentina No
88%
In quali tra i 10 Paesi più estesi è ancora possibile applicare la pena di morte? Canada No
88%
Quali tra i 10 Paesi più estesi sono i 5 più vicini all'Equatore? Canada No
88%
Quali tra i 10 Paesi più estesi confinano con più di 6 altri Paesi? Canada No
88%
In quali tra i 10 Paesi più estesi è ancora possibile applicare la pena di morte? Argentina No
87%
Quali tra i 10 Paesi più estesi si trovano anche nella classifica dei 10 Paesi più popolosi? Kazakistan No
87%
Quali tra i 10 Paesi più estesi hanno una densità abitativa inferiore a 10 abitanti per chilometro quadrato? Cina No
86%
Quali tra i 10 Paesi più estesi hanno per capitale una città che non è la più popolosa? Russia No
86%
Quali tra i 10 Paesi più estesi si trovano anche nella classifica dei 10 Paesi più popolosi? Australia No
85%
Quali tra i 10 Paesi più estesi hanno una densità abitativa inferiore a 10 abitanti per chilometro quadrato? India No
85%
Quali tra i 10 Paesi più estesi sono i 5 più vicini all'Equatore? Russia No
85%
Quali tra i 10 Paesi più estesi hanno una densità abitativa inferiore a 10 abitanti per chilometro quadrato? Stati Uniti No
85%
Quali tra i 10 Paesi più estesi hanno per capitale una città che non è la più popolosa? Algeria No
84%
Quali tra i 10 Paesi più estesi hanno una densità abitativa inferiore a 10 abitanti per chilometro quadrato? Brasile No
84%
Quali tra i 10 Paesi più estesi confinano con più di 6 altri Paesi? Stati Uniti No
84%
Quali tra i 10 Paesi più estesi confinano con almeno un Paese che conta più di 150 milioni di abitanti? Australia No
83%
Quali tra i 10 Paesi più estesi si trovano anche nella classifica dei 10 Paesi più popolosi? Canada No
83%
Quali tra i 10 Paesi più estesi confinano con almeno un Paese che conta più di 150 milioni di abitanti? Algeria No
82%
In quali tra i 10 Paesi più estesi è ancora possibile applicare la pena di morte? Stati Uniti
81%
Quali tra i 10 Paesi più estesi si trovano anche nella classifica dei 10 Paesi più popolosi? Argentina No
80%
Quali tra i 10 Paesi più estesi si trovano anche nella classifica dei 10 Paesi più popolosi? Cina
80%
In quali tra i 10 Paesi più estesi l'uso ricreativo della marijuana è completamente legale? Cina No
79%
Quali tra i 10 Paesi più estesi confinano con più di 6 altri Paesi? Russia
79%
Quali tra i 10 Paesi più estesi sono i 5 più vicini all'Equatore? Brasile
78%
Quali tra i 10 Paesi più estesi si trovano anche nella classifica dei 10 Paesi più popolosi? Stati Uniti
77%
Quali tra i 10 Paesi più estesi confinano con più di 6 altri Paesi? Argentina No
76%
Quali tra i 10 Paesi più estesi confinano con più di 6 altri Paesi? Cina
73%
Quali tra i 10 Paesi più estesi si trovano anche nella classifica dei 10 Paesi più popolosi? India
73%
In quali tra i 10 Paesi più estesi l'uso ricreativo della marijuana è completamente legale? Russia No
73%
Quali tra i 10 Paesi più estesi sono i 5 più vicini all'Equatore? India
72%
Quali tra i 10 Paesi più estesi hanno la capitale distante da Antananarivo meno di 9.000 chilometri? Canada No
71%
Quali tra i 10 Paesi più estesi sono i 5 più vicini all'Equatore? Kazakistan No
71%
In quali tra i 10 Paesi più estesi l'uso ricreativo della marijuana è completamente legale? Kazakistan No
71%
Partendo da quali tra i 10 Paesi più estesi dovrai attraversare come massimo altri 3 Paesi per dirigerti in Arabia Saudita? Australia No
70%
Partendo da quali tra i 10 Paesi più estesi dovrai attraversare come massimo altri 3 Paesi per dirigerti in Arabia Saudita? Canada No
70%
Quali tra i 10 Paesi più estesi hanno la capitale distante da Antananarivo meno di 9.000 chilometri? Stati Uniti No
70%
Partendo da quali tra i 10 Paesi più estesi dovrai attraversare come massimo altri 3 Paesi per dirigerti in Arabia Saudita? Stati Uniti No
70%
Quali tra i 10 Paesi più estesi hanno una densità abitativa inferiore a 10 abitanti per chilometro quadrato? Argentina No
69%
In quali tra i 10 Paesi più estesi l'uso ricreativo della marijuana è completamente legale? Algeria No
68%
Partendo da quali tra i 10 Paesi più estesi dovrai attraversare come massimo altri 3 Paesi per dirigerti in Arabia Saudita? Argentina No
68%
Quali tra i 10 Paesi più estesi hanno la capitale distante da Antananarivo meno di 9.000 chilometri? Cina No
68%
In quali tra i 10 Paesi più estesi l'uso ricreativo della marijuana è completamente legale? India No
68%
Quali tra i 10 Paesi più estesi confinano con più di 6 altri Paesi? Algeria No
67%
Partendo da quali tra i 10 Paesi più estesi dovrai attraversare come massimo altri 3 Paesi per dirigerti in Arabia Saudita? Brasile No
67%
In quali tra i 10 Paesi più estesi l'uso ricreativo della marijuana è completamente legale? Argentina No
66%
Quali tra i 10 Paesi più estesi sono i 5 più vicini all'Equatore? Stati Uniti No
66%
Quali tra i 10 Paesi più estesi hanno la capitale distante da Antananarivo meno di 9.000 chilometri? Argentina No
65%
Quali tra i 10 Paesi più estesi hanno per capitale una città che non è la più popolosa? Brasile
65%
Quali tra i 10 Paesi più estesi hanno la capitale distante da Antananarivo meno di 9.000 chilometri? Brasile No
65%
Quali tra i 10 Paesi più estesi hanno per capitale una città che non è la più popolosa? Stati Uniti
65%
Quali tra i 10 Paesi più estesi hanno la capitale distante da Antananarivo meno di 9.000 chilometri? Australia No
64%
Quali tra i 10 Paesi più estesi confinano con almeno un Paese che conta più di 150 milioni di abitanti? Brasile No
64%
In quali tra i 10 Paesi più estesi è ancora possibile applicare la pena di morte? Cina
64%
Quali tra i 10 Paesi più estesi confinano con più di 6 altri Paesi? Brasile
63%
Quali tra i 10 Paesi più estesi hanno per capitale una città che non è la più popolosa? Australia
62%
In quali tra i 10 Paesi più estesi l'uso ricreativo della marijuana è completamente legale? Australia No
62%
Quali tra i 10 Paesi più estesi si trovano anche nella classifica dei 10 Paesi più popolosi? Brasile
59%
Quali tra i 10 Paesi più estesi confinano con almeno un Paese che conta più di 150 milioni di abitanti? Russia
59%
Quali tra i 10 Paesi più estesi confinano con almeno un Paese che conta più di 150 milioni di abitanti? Cina
58%
Quali tra i 10 Paesi più estesi si trovano anche nella classifica dei 10 Paesi più popolosi? Russia
57%
Quali tra i 10 Paesi più estesi sono i 5 più vicini all'Equatore? Algeria
56%
Quali tra i 10 Paesi più estesi hanno una densità abitativa inferiore a 10 abitanti per chilometro quadrato? Canada
56%
In quali tra i 10 Paesi più estesi l'uso ricreativo della marijuana è completamente legale? Brasile No
53%
Quali tra i 10 Paesi più estesi hanno una densità abitativa inferiore a 10 abitanti per chilometro quadrato? Kazakistan
53%
Quali tra i 10 Paesi più estesi hanno una densità abitativa inferiore a 10 abitanti per chilometro quadrato? Russia
53%
Quali tra i 10 Paesi più estesi hanno per capitale una città che non è la più popolosa? Canada
51%
Quali tra i 10 Paesi più estesi confinano con più di 6 altri Paesi? India No
51%
Quali tra i 10 Paesi più estesi confinano con più di 6 altri Paesi? Kazakistan No
50%
Partendo da quali tra i 10 Paesi più estesi dovrai attraversare come massimo altri 3 Paesi per dirigerti in Arabia Saudita? Algeria No
49%
Quali tra i 10 Paesi più estesi hanno una densità abitativa inferiore a 10 abitanti per chilometro quadrato? Australia
49%
Quali tra i 10 Paesi più estesi confinano con almeno un Paese che conta più di 150 milioni di abitanti? Canada
49%
Quali tra i 10 Paesi più estesi hanno la capitale distante da Antananarivo meno di 9.000 chilometri? Algeria
48%
In quali tra i 10 Paesi più estesi l'uso ricreativo della marijuana è completamente legale? Stati Uniti No
48%
Quali tra i 10 Paesi più estesi hanno una densità abitativa inferiore a 10 abitanti per chilometro quadrato? Algeria No
47%
In quali tra i 10 Paesi più estesi è ancora possibile applicare la pena di morte? India
47%
Quali tra i 10 Paesi più estesi confinano con almeno un Paese che conta più di 150 milioni di abitanti? Stati Uniti No
47%
Quali tra i 10 Paesi più estesi confinano con almeno un Paese che conta più di 150 milioni di abitanti? India
46%
In quali tra i 10 Paesi più estesi è ancora possibile applicare la pena di morte? Russia
45%
In quali tra i 10 Paesi più estesi è ancora possibile applicare la pena di morte? Algeria
44%
Quali tra i 10 Paesi più estesi hanno la capitale distante da Antananarivo meno di 9.000 chilometri? India
43%
Quali tra i 10 Paesi più estesi sono i 5 più vicini all'Equatore? Cina
41%
Quali tra i 10 Paesi più estesi sono i 5 più vicini all'Equatore? Australia
40%
Partendo da quali tra i 10 Paesi più estesi dovrai attraversare come massimo altri 3 Paesi per dirigerti in Arabia Saudita? Kazakistan
39%
In quali tra i 10 Paesi più estesi è ancora possibile applicare la pena di morte? Kazakistan
38%
In quali tra i 10 Paesi più estesi l'uso ricreativo della marijuana è completamente legale? Canada
36%
Quali tra i 10 Paesi più estesi sono i 5 più vicini all'Equatore? Argentina No
35%
Partendo da quali tra i 10 Paesi più estesi dovrai attraversare come massimo altri 3 Paesi per dirigerti in Arabia Saudita? India
35%
Quali tra i 10 Paesi più estesi confinano con almeno un Paese che conta più di 150 milioni di abitanti? Argentina
33%
Quali tra i 10 Paesi più estesi confinano con almeno un Paese che conta più di 150 milioni di abitanti? Kazakistan
31%
Quali tra i 10 Paesi più estesi hanno per capitale una città che non è la più popolosa? India
30%
Quali tra i 10 Paesi più estesi hanno per capitale una città che non è la più popolosa? Cina
27%
Partendo da quali tra i 10 Paesi più estesi dovrai attraversare come massimo altri 3 Paesi per dirigerti in Arabia Saudita? Russia
27%
Quali tra i 10 Paesi più estesi hanno per capitale una città che non è la più popolosa? Kazakistan
26%
Partendo da quali tra i 10 Paesi più estesi dovrai attraversare come massimo altri 3 Paesi per dirigerti in Arabia Saudita? Cina
24%
Quali tra i 10 Paesi più estesi hanno la capitale distante da Antananarivo meno di 9.000 chilometri? Kazakistan
21%
Quali tra i 10 Paesi più estesi hanno la capitale distante da Antananarivo meno di 9.000 chilometri? Russia
20%
In quali tra i 10 Paesi più estesi è ancora possibile applicare la pena di morte? Brasile
17%
Nessun quiz corrispondente trovato
Distribuzione punteggi
Percentuale di utenti per punteggio
Percentile per numero di risposta
I tuoi punteggi nel tempo
Non hai fatto questo quiz